000 01972cam a22003494a 4500
001 16519430
003 NUST
005 20240308110645.0
008 101026s2011 njuab b 001 0 eng
010 _a 2010045252
020 _a9780470603857
035 _a(OCoLC)ocn671701598
038 _aMalang Jan
040 _aDLC
_cDLC
_dYDX
_dBTCTA
_dYDXCP
_dCDX
_dDLC
042 _apcc
043 _ae------
_an------
_as------
050 0 0 _aNA105
_b.S793 2011
082 0 0 _a363.6909
_222
_bSTU
084 _aARC014000
_2bisacsh
100 1 _aStubbs, John H.
_9122035
245 1 0 _aArchitectural conservation in Europe and the Americas :
_bnational experiences and practice /
_cJohn H. Stubbs and Emily G. Makaš ; foreword by Mounir Bouchenaki.
260 _aHoboken, N.J. :
_bJohn Wiley & Sons,
_cc2011.
300 _axxii, 729 p. :
_bill., maps ;
_c29 cm.
504 _aIncludes bibliographical references (p. 675-698) and index.
520 _a"The first major survey that looks at the conservation of cultural heritage in both Europe and the Americas, this book will serve as a convenient resource for professionals, students, and anyone interested in the field. Following the acclaimed Time Honored, Architectural Conservation in Europe and the Americas presents contemporary practice on a country-by-country and region-by-region basis, facilitating comparative analysis of similarities and differences. Written to "stand alone" from the predecessor volume, this book will be followed by a third and final volume covering Asia, Africa, Oceana, and the Polar Regions"--Provided by publisher.
650 0 _aArchitecture
_xConservation and restoration
_zEurope.
_9122036
650 0 _aArchitecture
_xConservation and restoration
_zAmerica.
_9122037
700 1 _aMakaš, Emily Gunzburger.
_9122038
906 _a7
_bcbc
_corignew
_d1
_eecip
_f20
_gy-gencatlg
942 _2ddc
_cBK
999 _c608629
_d608629